ផ្កាយបៃតង / (Record no. 1533)
[ view plain ]
| 000 -LEADER | |
|---|---|
| fixed length control field | 01997nam a22003017a 4500 |
| 001 - CONTROL NUMBER | |
| control field | 1533 |
| 003 - CONTROL NUMBER IDENTIFIER | |
| control field | FISKH |
| 005 - DATE AND TIME OF LATEST TRANSACTION | |
| control field | 20230904143347.0 |
| 008 - FIXED-LENGTH DATA ELEMENTS--GENERAL INFORMATION | |
| fixed length control field | 230904b cb ||||| |||| 00| 0 khr d |
| 020 ## - INTERNATIONAL STANDARD BOOK NUMBER | |
| International Standard Book Number | 9789924340492 |
| 040 ## - CATALOGING SOURCE | |
| Original cataloging agency | FISKH |
| Language of cataloging | eng |
| Transcribing agency | FISKH |
| Modifying agency | FISKH |
| 082 ## - DEWEY DECIMAL CLASSIFICATION NUMBER | |
| Classification number | 523.2 |
| 100 ## - MAIN ENTRY--PERSONAL NAME | |
| Personal name | Kunthearo, Prum |
| 245 ## - TITLE STATEMENT | |
| Title | ផ្កាយបៃតង / |
| Statement of responsibility, etc. | និពន្ធដោយ ព្រុំ គន្ធារ៉ូ - គូររូបដោយ ចាន់ ពិសី |
| 246 ## - VARYING FORM OF TITLE | |
| Title proper/short title | Green star |
| 250 ## - EDITION STATEMENT | |
| Edition statement | បោះពុម្ពលើកទី ៤ កក្កដា ២០២២ |
| 260 ## - PUBLICATION, DISTRIBUTION, ETC. | |
| Place of publication, distribution, etc. | Phnom Penh : |
| Name of publisher, distributor, etc. | Sipar, |
| Date of publication, distribution, etc. | 2022. |
| 300 ## - PHYSICAL DESCRIPTION | |
| Extent | 27 pages : |
| Other physical details | color illustrations ; |
| Dimensions | 24 cm |
| 500 ## - GENERAL NOTE | |
| General note | G <br/> |
| 520 ## - SUMMARY, ETC. | |
| Summary, etc. | នីតាស្រលាញ់មុខវិជ្ជាវិទ្យាសាស្រ្ត។ ថ្ងៃមួយ នាងបានឮសំលេងចម្លែកនៅលើភ្នំខាងក្រោយផ្ទះ។ នាងបានចេញទៅរកមើលប្រភពសំឡេង ហើយបានជួបនឹងក្មេងប្រុសបៃតងម្នាក់។ ពួកគេបានក្លាយជាមិត្តនឹងគ្នា ហើយនីតាបានយកចំនេះដឹងផ្នែកវិទ្យាសាស្រ្តរបស់នាងដើម្បីជួយក្មេងប្រុសឳ្យត្រឡប់ទៅផ្ទះគេវិញ។ |
| 520 ## - SUMMARY, ETC. | |
| Summary, etc. | Nita loves science. One day she heard a strange noise on the hill behind the house. She went out to look for the source of the sound and met a green boy. They became friends and Nita used her scientific knowledge to help the boy back home. |
| 521 8# - TARGET AUDIENCE NOTE | |
| Target audience note | 380<br/><br/> |
| Source | Lexile estimate<br/> |
| 521 8# - TARGET AUDIENCE NOTE | |
| Target audience note | G<br/> |
| Source | Raz-Plus<br/> |
| 650 ## - SUBJECT ADDED ENTRY--TOPICAL TERM | |
| Topical term or geographic name entry element | ផ្កាយ |
| Form subdivision | ថ្មរ |
| General subdivision | ភព |
| 650 ## - SUBJECT ADDED ENTRY--TOPICAL TERM | |
| Topical term or geographic name entry element | Star |
| Form subdivision | Battery |
| General subdivision | Planet |
| 700 ## - ADDED ENTRY--PERSONAL NAME | |
| Personal name | Pisey, Chan |
| Relator term | illustrator |
| 942 ## - ADDED ENTRY ELEMENTS (KOHA) | |
| Source of classification or shelving scheme | Dewey Decimal Classification |
| Koha item type | Books |
| Suppress in OPAC | No |
| Withdrawn status | Lost status | Source of classification or shelving scheme | Damaged status | Not for loan | Collection | Home library | Current library | Shelving location | Date acquired | Total Checkouts | Full call number | Barcode | Date last seen | Date last checked out | Copy number | Price effective from | Koha item type |
|---|---|---|---|---|---|---|---|---|---|---|---|---|---|---|---|---|---|
| Dewey Decimal Classification | Khmer-English Bilingual / ភាសាខ្មែរ-អង់គ្លេស | Footprints International School Library Network Toul Kork Campus | Footprints International School Library Network Toul Kork Campus | TK Campus, Room B402, Khmer Book Case 16, Shelves 112-123 / ទូរសៀវភៅខ្មែរលេខ ១៦ ធ្នើរ ១១២ ដល់ ១២៣ បន្ទប់ B402 សាខាទួលគោក | 09/04/2023 | 2 | KUN 523.2 | 2023-0472 | 02/02/2026 | 01/13/2026 | 1 | 09/04/2023 | Books | ||||
| Dewey Decimal Classification | Khmer-English Bilingual / ភាសាខ្មែរ-អង់គ្លេស | Footprints International School Library Network Toul Kork Campus | Footprints International School Library Network Toul Kork Campus | TK Campus, Room B402, Khmer Book Case 16, Shelves 112-123 / ទូរសៀវភៅខ្មែរលេខ ១៦ ធ្នើរ ១១២ ដល់ ១២៣ បន្ទប់ B402 សាខាទួលគោក | 09/04/2023 | 2 | KUN 523.2 | 2023-0473 | 02/14/2025 | 12/04/2024 | 2 | 09/04/2023 | Books |
